000 00395nam a22001577a 4500
005 20240130104353.0
008 240130b |||||||| |||| 00| 0 eng d
020 _a81-203-1708-4
041 _aeng
100 _aROBINS, STEPHEN P.
_98407
245 _aORGANISATIONAL BEHAVIOR
250 _a9TH ED.
260 _aNEW DELHI
_bPRENTICE HALL OF INDIA PVT.LTD
_c2003
300 _a643;p
942 _cBK
999 _c8494
_d8492